Famous Vines - Statistics

General Stats
  • This quiz has been taken 9 times
  • The average score is 11 of 19
Answer Stats
Hint Answer % Correct
Hi! Welcome to ______! Chili's
100%
Two bros, chilling in a hot tub, five feet apart cuz they're ___ ___. not gay
100%
What are thoooooooooose? They are my _____! crocs
86%
____ ____ ____, I sure hope it does! Road work ahead
86%
Look at all _____ ________. those chickens
86%
Oh my gosh! I love _______! _________ is my life! Chipotle
71%
Stop! I could have dropped my Crossiant
71%
___________ _________, more like ___________ _________ Hurricane katrina, hurricane tortilla
71%
They were __________.... roommates
71%
I thought you were ___, turns out you're just ___. bae, fam
57%
That was _________! legitness
57%
Who's your favorite Uber Driver? I never went to _____ _____. oovoo javer
57%
I said, whoever threw that ______, your ______ a ____ paper, moms, hoe
57%
Jone's BBQ and Foot Massage
43%
girl you are ________ than a ____ of _______. thicker, bowl, oatmeal
43%
It's an _________! ________! avocado, thanks
29%
I _____ like ____ smell beef
29%
this b**ch _____, ____! empty, yeet
14%
it is ______________ my ______. wednesday, dudes
14%
No matching quizzes found
Score Distribution
Percent of People with Each Score
Percentile by Number Answered
Your Score History
You have not taken this quiz